Everyone’s A Star! - 5 Seconds Of Summer - All Lyrics - Statistics

General Stats
  • This quiz has been taken 6 times
  • The average score is 222 of 256
Answer Stats
Answer % Correct
a
100%
a)
100%
arms
100%
(Arms)
100%
Everyone's
100%
(Everyone's,
100%
everyone's,
100%
everyone's)
100%
(Everyone's
100%
feel
100%
I
100%
(I
100%
in
100%
like
100%
me
100%
Oh,
100%
on
100%
Show
100%
star
100%
star,
100%
(Star)
100%
Star
100%
superior
100%
what
100%
ya
100%
you
100%
your
100%
anaesthesia
83%
are
83%
Baby,
83%
baby,
83%
better
83%
call
83%
Can
83%
carry
83%
dark
83%
dealer
83%
don't
83%
dream
83%
Everythin'
83%
glitter,
83%
god
83%
heart
83%
heart?
83%
I'm
83%
is
83%
it
83%
it's
83%
know
83%
made
83%
means
83%
my
83%
preacher?
83%
Someone
83%
something
83%
stay
83%
stay)
83%
Take
83%
the
83%
thing
83%
to
83%
Under
83%
wanna
83%
(Wanna
83%
well,
83%
When
83%
when
83%
Who
83%
who
83%
You're
83%
you're
83%
at
67%
breathe
67%
breathe)
67%
broken
67%
dyin'
67%
Eating
67%
Feelin'
67%
gonna
67%
gum
67%
leave
67%
lookin'
67%
lyin'
67%
never
67%
next
67%
of
67%
Somewhere
67%
speakers
67%
and
50%
been
50%
Blue
50%
dinner
50%
dreamer
50%
for
50%
I've
50%
light
50%
reach
50%
smilin'
50%
(Smilin'
50%
teeth
50%
teeth)
50%
through
50%
killed
33%
lights
33%
Livin'
33%
Strobe
33%
Numbin'
17%
fill
0%
No matching quizzes found
Score Distribution
Percent of People with Each Score
Percentile by Number Answered
Your Score History
You have not taken this quiz